| 000 | 00515nam a2200205 a 4500 | ||
|---|---|---|---|
| 001 | 13890 | ||
| 003 | CO-ViMGA | ||
| 008 | 141112s2004 ck r 000 u spa d | ||
| 020 | _a848403089X | ||
| 040 |
_aCO-ViMGA _bspa _cCO-ViMGA |
||
| 082 | 0 | 4 | _a796.815 S155 |
| 100 | 1 |
_aSan, Lee _920252 |
|
| 245 | 1 | 0 | _aNinja |
| 260 |
_aMadrid : _bEdimat Libros, _c1998 |
||
| 300 | _a188 | ||
| 490 | _aLibro de Oro. artes marciales | ||
| 590 | _aForma de adquisición : Compra | ||
| 650 | 1 | 4 | _aARTES MARCIALES |
| 942 |
_2ddc _cBK |
||
| 999 |
_c24592 _d24592 |
||